[Event "46th GRE-chT Premier 2018"]
[Site "Rio Achaia"]
[Date "2018.07.11"]
[Round "2"]
[White "Halkias, Stelios"]
[Black "Papadopoulos, Georgios"]
[Result "1/2-1/2"]
[WhiteElo "2570"]
[BlackElo "2352"]
[Annotator "TA"]
[PlyCount "114"]
[EventDate "2018.07.10"]
[EventType "team-tourn"]
[EventCountry "GRE"]
[SourceTitle "playchess.com"]
[Source "ChessBase"]
[SourceQuality "1"]

1. Nf3 Nf6 2. d4 g6 3. g3 Bg7 4. Bg2 O-O 5. O-O d6 6. Re1 Nbd7 7. e4 e5 8. Nc3 c6 9. a4 a5 10. h3 exd4 11. Nxd4 Re8 12. Bf4 Nb6 13. Qd3 d5 14. exd5 Rxe1+ 15. Rxe1 Nfxd5 16. Nxd5 Nxd5 17. Bxd5 cxd5 18. Nb5 Bf5 19. Qb3 Qd7 20. Nc7 Rc8 21. Qxd5 g5 22. Bd6 Rd8 23. Nb5 Bf6 24. Qf3 Kg7 25. Bc7 Qd5 26. Qxd5 Rxd5 27. c4 Rd2 28. Nd6 Bxh3 29. Ne8+ Kg6 30. Nxf6 Kxf6 31. Bxa5 Rc2 32. Bc3+ Kg6 33. Rd1 f5 34. Rd6+ Kh5 35. Rd7 Kg4 36. Rxh7 Rc1+ 37. Kh2 Bf1 38. Rg7 Bd3 39. Rxg5+ Kf3 40. Be5 Be4 41. Bf4 Rxc4 42. Rg8 Rxa4 43. Kh3 Rb4 44. Be5 Kxf2 45. Rd8 Bg2+ 46. Kh2 Bf3 47. Rd2+ Ke3 48. Rd6 Bg4 49. Kg2 Ra4 50. Bf4+ Ke2 51. Rd2+ Ke1 52. Rc2 Bd1 53. Rc5 Bg4 54. Rc1+ Ke2 55. Rc2+ Kd1 56. Rc1+ Ke2 57. Rc2+ Kd1 1/2-1/2

[Event "46th GRE-chT Premier 2018"]
[Site "Rio Achaia"]
[Date "2018.07.11"]
[Round "2"]
[White "Sadzikowski, Daniel"]
[Black "Banikas, Hristos"]
[Result "1/2-1/2"]
[WhiteElo "2567"]
[BlackElo "2591"]
[Annotator "TA"]
[PlyCount "66"]
[EventDate "2018.07.10"]
[EventType "team-tourn"]
[EventCountry "GRE"]
[SourceTitle "playchess.com"]
[Source "ChessBase"]
[SourceQuality "1"]

1. e4 c5 2. Nf3 d6 3. Bb5+ Nd7 4. Ba4 Ngf6 5. O-O a6 6. c4 g6 7. Nc3 Bg7 8. h3 O-O 9. d3 Ne5 10. Nxe5 dxe5 11. Rb1 Qd6 12. a3 Rd8 13. Bc2 Nh5 14. b4 Nf4 15. Be3 Ne6 16. Nd5 Nd4 17. Bxd4 exd4 18. f4 e6 19. e5 Qf8 20. Nb6 Ra7 21. Qc1 Qe7 22. Bd1 Bf8 23. b5 Bd7 24. Nxd7 Rxd7 25. Bf3 b6 26. bxa6 Rxa6 27. Be4 Rda7 28. Rb3 h5 29. g3 Qd8 30. Kg2 Kg7 31. Rf2 f5 32. Bf3 Kf7 33. h4 Be7 1/2-1/2

[Event "46th GRE-chT Premier 2018"]
[Site "Rio Achaia"]
[Date "2018.07.11"]
[Round "2"]
[White "Pavlidis, Antonios"]
[Black "Pavlidis, Anastasios"]
[Result "0-1"]
[WhiteElo "2564"]
[BlackElo "2362"]
[Annotator "TA"]
[PlyCount "116"]
[EventDate "2018.07.10"]
[EventType "team-tourn"]
[EventCountry "GRE"]
[SourceTitle "playchess.com"]
[Source "ChessBase"]
[SourceQuality "1"]

1. c4 Nf6 2. Nc3 g6 3. e4 d6 4. d4 Bg7 5. h3 O-O 6. Be3 c5 7. Nf3 cxd4 8. Nxd4 Nc6 9. Be2 Bd7 10. O-O Rc8 11. Rc1 Qa5 12. Nb3 Qd8 13. c5 Be6 14. cxd6 Qxd6 15. Nc5 b6 16. Qxd6 exd6 17. Nxe6 fxe6 18. Rfd1 Rfd8 19. Bc4 Kf7 20. Ba6 Rb8 21. a3 Ne7 22. b4 Ne8 23. Nb5 d5 24. Bg5 Bf6 25. Bxf6 Kxf6 26. Re1 dxe4 27. Rxe4 Rd5 28. Rce1 Ng7 29. Nc3 Rdd8 30. Rf4+ Nef5 31. g4 Kg5 32. Rf3 Nd4 33. Rf7 Ngf5 34. Ne4+ Kf4 35. Nd2 Kg5 36. Re4 h5 37. f4+ Kh4 38. gxf5 Nxf5 39. Re2 b5 40. Rf6 Rd3 41. Rxg6 Nd4 42. Rf2 Rxd2 43. Rxd2 Nf3+ 44. Kg2 Nxd2 45. Rxe6 Nc4 46. a4 Rg8+ 47. Kf3 Rg3+ 48. Kf2 Rb3 49. Bxb5 Rxb4 50. Re4 Rb2+ 51. Re2 Rb4 52. Re4 Rb2+ 53. Re2 Rb4 54. Re7 Nd6 55. Be2 Rxf4+ 56. Bf3 a5 57. Re6 Nf7 58. Kg2 Ng5 0-1

[Event "46th GRE-chT Premier 2018"]
[Site "Rio Achaia"]
[Date "2018.07.11"]
[Round "2"]
[White "David, Alberto"]
[Black "Secheres, Adrian-Simion"]
[Result "1-0"]
[WhiteElo "2549"]
[BlackElo "2415"]
[Annotator "TA"]
[PlyCount "65"]
[EventDate "2018.07.10"]
[EventType "team-tourn"]
[EventCountry "GRE"]
[SourceTitle "playchess.com"]
[Source "ChessBase"]
[SourceQuality "1"]

1. e4 c5 2. Nf3 Nc6 3. Bb5 d6 4. O-O Bd7 5. Re1 Nf6 6. h3 e6 7. c3 Ne5 8. Bxd7+ Qxd7 9. d3 Nxf3+ 10. Qxf3 Be7 11. Nd2 O-O 12. Nf1 d5 13. Ng3 dxe4 14. dxe4 Qc6 15. Qe2 Rfd8 16. e5 Ne8 17. Qg4 Rd3 18. Bh6 Kf8 19. Bf4 Rad8 20. Ne4 R8d5 21. Kh2 c4 22. Re2 Qd7 23. Rae1 b5 24. Ng3 a5 25. Nh5 Kg8 26. Bh6 g6 27. Nf4 Nc7 28. Nxd5 Qxd5 29. a4 Bc5 30. axb5 Nxb5 31. Ra1 Bb6 32. Ra4 Bc7 33. Qxc4 1-0

[Event "46th GRE-chT Premier 2018"]
[Site "Rio Achaia"]
[Date "2018.07.11"]
[Round "2"]
[White "Firman, Nazar"]
[Black "Prince, Bajaj"]
[Result "1-0"]
[WhiteElo "2512"]
[BlackElo "2404"]
[Annotator "TA"]
[PlyCount "131"]
[EventDate "2018.07.10"]
[EventType "team-tourn"]
[EventCountry "GRE"]
[SourceTitle "playchess.com"]
[Source "ChessBase"]
[SourceQuality "1"]

1. e4 c5 2. Nf3 e6 3. d3 Nc6 4. g3 g6 5. Bg2 Bg7 6. O-O d5 7. exd5 exd5 8. Re1+ Nge7 9. Nc3 O-O 10. Bf4 h6 11. h4 Bg4 12. Qd2 Kh7 13. Ne5 Be6 14. Nxc6 Nxc6 15. Nb5 Qd7 16. c3 Rac8 17. Re2 a6 18. Na3 Rfe8 19. Rae1 b5 20. Nc2 d4 21. cxd4 cxd4 22. Kh2 Bg4 23. Rxe8 Rxe8 24. Rxe8 Qxe8 25. Bd6 Bf5 26. Bc5 Qe6 27. Bxc6 Qxc6 28. Bxd4 Bh3 29. f3 Bf5 30. Bxg7 Kxg7 31. Nd4 Qd5 32. Qc3 Kh7 33. a3 Bc8 34. Kg2 Qd7 35. Kf2 Bb7 36. Ne2 Qh3 37. Qf6 Qh2+ 38. Ke3 Bd5 39. Qxa6 Qh1 40. Qf6 Qf1 41. h5 Bb3 42. hxg6+ fxg6 43. Qe7+ Kg8 44. Qd8+ Kg7 45. Qd7+ Kf6 46. Qc6+ Kf7 47. Qc7+ Kg8 48. Qb8+ Kf7 49. Qxb5 Bd1 50. Qd5+ Kf6 51. Qd4+ Kf7 52. Qf4+ Kg7 53. Qe5+ Kf7 54. Kd2 Bxe2 55. Qxe2 Qg1 56. Qe5 Qf2+ 57. Kc3 h5 58. Qf4+ Ke6 59. a4 Qe1+ 60. Kc4 Qd1 61. b3 Qc2+ 62. Kb4 Qd1 63. a5 Qe1+ 64. Kb5 Qd1 65. b4 g5 66. Qe3+ 1-0

[Event "46th GRE-chT Premier 2018"]
[Site "Rio Achaia"]
[Date "2018.07.11"]
[Round "2"]
[White "Shoker, Samy"]
[Black "Barski, Radoslaw"]
[Result "1-0"]
[WhiteElo "2482"]
[BlackElo "2431"]
[Annotator "TA"]
[PlyCount "83"]
[EventDate "2018.07.10"]
[EventType "team-tourn"]
[EventCountry "GRE"]
[SourceTitle "playchess.com"]
[Source "ChessBase"]
[SourceQuality "1"]

1. g3 d5 2. Bg2 g6 3. Nf3 Bg7 4. O-O e5 5. d3 Ne7 6. e4 O-O 7. exd5 Nxd5 8. Bd2 Nc6 9. Nc3 Nde7 10. Re1 h6 11. b4 a6 12. a4 Nxb4 13. Nxe5 Nf5 14. Rb1 a5 15. Nf3 Be6 16. Ne4 b6 17. Bc3 c5 18. Bxg7 Kxg7 19. Qd2 Rc8 20. Red1 Qd7 21. c3 Nd5 22. Rb5 Qc7 23. Qb2 f6 24. Qa1 Nde7 25. Nfd2 Rfd8 26. Nc4 Bxc4 27. dxc4 Nd6 28. Nxd6 Rxd6 29. Re1 Rcd8 30. Qb1 Rd2 31. Rxb6 Rd1 32. Rxd1 Rxd1+ 33. Qxd1 Qxb6 34. Qd7 Kf8 35. h4 Qb1+ 36. Bf1 Qb6 37. Bd3 h5 38. Be4 Qb8 39. Bb7 Kf7 40. Bd5+ Kf8 41. Qe6 Nxd5 42. cxd5 1-0

[Event "46th GRE-chT Premier 2018"]
[Site "Rio Achaia"]
[Date "2018.07.11"]
[Round "2"]
[White "Firat, Burak"]
[Black "Postny, Evgeny"]
[Result "0-1"]
[WhiteElo "2452"]
[BlackElo "2585"]
[Annotator "TA"]
[PlyCount "60"]
[EventDate "2018.07.10"]
[EventType "team-tourn"]
[EventCountry "GRE"]
[SourceTitle "playchess.com"]
[Source "ChessBase"]
[SourceQuality "1"]

1. e4 e5 2. Nf3 Nc6 3. Bc4 Nf6 4. d3 Bc5 5. O-O d6 6. c3 h6 7. a4 a5 8. Re1 O-O 9. h3 Ba7 10. Nbd2 Ne7 11. d4 Ng6 12. Bf1 Re8 13. Qc2 Bd7 14. b3 d5 15. exd5 exd4 16. Rxe8+ Bxe8 17. c4 c6 18. Bb2 cxd5 19. cxd5 Nxd5 20. Bxd4 Nb4 21. Qb2 Bxd4 22. Nxd4 Qf6 23. Rb1 Nf4 24. N2f3 Rd8 25. g3 Nfd3 26. Qe2 Nc5 27. Rd1 b6 28. h4 Bd7 29. Ne5 Bc8 30. Nec6 Ba6 0-1

[Event "46th GRE-chT Premier 2018"]
[Site "Rio Achaia"]
[Date "2018.07.11"]
[Round "2"]
[White "Grivas, Efstratios"]
[Black "Kofidis, Andreas"]
[Result "1/2-1/2"]
[WhiteElo "2431"]
[BlackElo "2321"]
[Annotator "TA"]
[PlyCount "135"]
[EventDate "2018.07.10"]
[EventType "team-tourn"]
[EventCountry "GRE"]
[SourceTitle "playchess.com"]
[Source "ChessBase"]
[SourceQuality "1"]

1. d4 Nf6 2. Nf3 g6 3. c4 Bg7 4. Nc3 d5 5. Bg5 Ne4 6. Bh4 c6 7. e3 O-O 8. Qb3 Bf6 9. Bxf6 Nxf6 10. Bd3 dxc4 11. Bxc4 b5 12. Be2 Be6 13. Qc2 a5 14. O-O Na6 15. Rfd1 a4 16. Ng5 Nb4 17. Qd2 Qa5 18. Nxe6 fxe6 19. Bf3 a3 20. bxa3 Qxa3 21. Rab1 Nfd5 22. Rb3 Qa6 23. a3 Nxc3 24. Qxc3 Nd5 25. Qc5 Qa4 26. Rdb1 Qc4 27. Bxd5 exd5 28. Qxe7 Rf7 29. Qb4 Qxb4 30. axb4 Ra2 31. R3b2 Rxb2 32. Rxb2 Ra7 33. g4 Kf7 34. Kg2 Ke6 35. Kg3 h6 36. h4 Ra1 37. f3 Rg1+ 38. Kh2 Re1 39. Rb3 Re2+ 40. Kg3 Re1 41. Rc3 Kd6 42. Rb3 Rg1+ 43. Kh2 Re1 44. h5 gxh5 45. gxh5 Re2+ 46. Kg3 Re1 47. Kf4 Rh1 48. Rb2 Rh4+ 49. Kg3 Rh1 50. f4 Ke6 51. Kg4 Rc1 52. Kf3 Rf1+ 53. Rf2 Rh1 54. Rg2 Rxh5 55. Rg6+ Kd7 56. Kg2 Kc7 57. Re6 Kd7 58. Re5 Rh4 59. Rf5 Ke6 60. Re5+ Kd7 61. f5 Rg4+ 62. Kf2 Rg5 63. Kf3 Rg1 64. Re6 h5 65. Kf4 Rg4+ 66. Kf3 Rg1 67. Kf4 Rg4+ 68. Kf3 1/2-1/2

[Event "46th GRE-chT Premier 2018"]
[Site "Rio Achaia"]
[Date "2018.07.11"]
[Round "2"]
[White "Tomici, Stefan"]
[Black "Theodorou, Nikolas"]
[Result "0-1"]
[WhiteElo "2369"]
[BlackElo "2513"]
[Annotator "TA"]
[PlyCount "66"]
[EventDate "2018.07.10"]
[EventType "team-tourn"]
[EventCountry "GRE"]
[SourceTitle "playchess.com"]
[Source "ChessBase"]
[SourceQuality "1"]

1. e4 e5 2. Nf3 Nc6 3. Bc4 Bc5 4. c3 Nf6 5. d4 exd4 6. cxd4 Bb4+ 7. Bd2 Nxe4 8. Bxb4 Nxb4 9. Bxf7+ Kxf7 10. Qb3+ d5 11. Qxb4 Rf8 12. O-O Kg8 13. Nbd2 a5 14. Qb3 Nxd2 15. Nxd2 a4 16. Qe3 Ra6 17. Rfe1 Re6 18. Qc3 Rg6 19. Nf1 Qf6 20. Qe3 h5 21. Rac1 c6 22. Rc3 h4 23. f3 Bd7 24. Qd2 Rg5 25. Kh1 Rg4 26. Rd3 h3 27. g3 Bf5 28. fxg4 Be4+ 29. Kg1 Bxd3 30. Ne3 Qf3 31. Nf5 Be4 32. Re2 Qh1+ 33. Kf2 Qg2+ 0-1

[Event "46th GRE-chT Premier 2018"]
[Site "Rio Achaia"]
[Date "2018.07.11"]
[Round "2"]
[White "Markidis, Konstantinos"]
[Black "Sandalakis, Angelos"]
[Result "1/2-1/2"]
[WhiteElo "2329"]
[BlackElo "2448"]
[Annotator "TA"]
[PlyCount "61"]
[EventDate "2018.07.10"]
[EventType "team-tourn"]
[EventCountry "GRE"]
[SourceTitle "playchess.com"]
[Source "ChessBase"]
[SourceQuality "1"]

1. e4 e5 2. Nf3 Nc6 3. Bb5 a6 4. Ba4 Nf6 5. O-O Nxe4 6. d4 b5 7. Bb3 d5 8. dxe5 Be6 9. Nbd2 Be7 10. c3 Nc5 11. Bc2 d4 12. Ne4 d3 13. Nxc5 dxc2 14. Qxd8+ Rxd8 15. Nxe6 fxe6 16. Be3 Rd5 17. Rfc1 Nxe5 18. Nxe5 Rxe5 19. Rxc2 O-O 20. a4 bxa4 21. Rxa4 Bc5 22. Re2 Rd8 23. Kf1 Rd1+ 24. Re1 Rxe1+ 25. Kxe1 Bxe3 26. fxe3 a5 27. Kd2 Rb5 28. Kc2 Rc5 29. b4 axb4 30. Rxb4 Kf7 31. Rf4+ 1/2-1/2

[Event "46th GRE-chT Premier 2018"]
[Site "Rio Achaia"]
[Date "2018.07.11"]
[Round "2"]
[White "Argiroudis, Stamatis"]
[Black "Kourousis, Epaminondas"]
[Result "1/2-1/2"]
[WhiteElo "2306"]
[BlackElo "2399"]
[Annotator "NA"]
[PlyCount "145"]
[EventDate "2018.07.10"]
[EventType "team-tourn"]
[EventCountry "GRE"]
[SourceTitle "playchess.com"]
[Source "ChessBase"]
[SourceQuality "1"]

1. d4 Nf6 2. Nf3 e6 3. g3 b6 4. Bg2 Bb7 5. O-O g6 6. Bg5 Bg7 7. Nbd2 h6 8. Bxf6 Qxf6 9. c3 O-O 10. a4 a6 11. Ne5 Bxg2 12. Kxg2 d6 13. Nd3 Qe7 14. Qb3 Nc6 15. e4 Na5 16. Qb4 Rab8 17. Nf3 c5 18. dxc5 dxc5 19. Qa3 Rfd8 20. Nf4 Qb7 21. Rfe1 Rd7 22. h4 Rbd8 23. b4 cxb4 24. Qxb4 Rc8 25. Rac1 Rc4 26. Qb1 Rxa4 27. Red1 b5 28. Rxd7 Qxd7 29. Rd1 Qc7 30. Qd3 Nc6 31. e5 Nxe5 32. Nxe5 Qxe5 33. Qd8+ Bf8 34. Qe8 Ra2 35. Nh3 Qxc3 36. Rd8 Qg7 37. Nf4 b4 38. Rb8 Ra5 39. Rb7 Qf6 40. Rb8 Qg7 41. Rb7 Rb5 42. Rd7 Re5 43. Rb7 a5 44. Rb8 Rf5 45. Nd3 g5 46. h5 Rd5 47. Nb2 g4 48. Nc4 Rxh5 49. Nb6 Rd5 50. Nxd5 exd5 51. Qd8 d4 52. Qd7 h5 53. Qb5 Qh6 54. Rb6 Qg7 55. Qxa5 h4 56. gxh4 g3 57. fxg3 Qg4 58. Qg5+ Qxg5 59. hxg5 Kg7 60. Kf3 Be7 61. Ke4 Bxg5 62. Rxb4 Be3 63. Rb6 Kh7 64. Rd6 Kg7 65. Kf5 Kh7 66. g4 Bh6 67. Rxd4 Bg7 68. Rd7 Kg8 69. g5 Bb2 70. Rb7 Bc3 71. Rb8+ Kg7 72. Rc8 Bb2 73. Ke4 1/2-1/2

[Event "46th GRE-chT Premier 2018"]
[Site "Rio Achaia"]
[Date "2018.07.11"]
[Round "2"]
[White "Michelakos, Panagiotis"]
[Black "Tassopoulos, Marios"]
[Result "1/2-1/2"]
[WhiteElo "2244"]
[BlackElo "2134"]
[Annotator "NA"]
[PlyCount "156"]
[EventDate "2018.07.10"]
[EventType "team-tourn"]
[EventCountry "GRE"]
[SourceTitle "playchess.com"]
[Source "ChessBase"]
[SourceQuality "1"]

1. d4 Nf6 2. c4 e6 3. Nc3 d5 4. cxd5 exd5 5. Bg5 Be7 6. e3 c6 7. Bd3 O-O 8. Qc2 Nbd7 9. Nge2 Re8 10. O-O Nf8 11. f3 Be6 12. Rad1 Rc8 13. e4 dxe4 14. fxe4 Ng4 15. Bxe7 Qxe7 16. Qd2 c5 17. d5 Bd7 18. h3 Ne5 19. Ng3 c4 20. Bc2 Qd6 21. Nf5 Bxf5 22. exf5 f6 23. Qd4 Qc5 24. d6 Red8 25. Be4 b5 26. Qxc5 Rxc5 27. Rd5 Rxd5 28. Bxd5+ Kh8 29. Nxb5 a6 30. Na3 Rxd6 31. Bxc4 h5 32. Bb3 Kh7 33. Rf4 Kh6 34. h4 g5 35. fxg6 Nfxg6 36. Nc4 Nxc4 37. Rxc4 Rd2 38. Ra4 Rxb2 39. Rxa6 Nxh4 40. Rxf6+ Kg5 41. Rf2 Rb1+ 42. Kh2 Ra1 43. Rc2 Nf5 44. Rc5 Kf6 45. Rd5 Re1 46. Rd1 Re3 47. Bc2 Rc3 48. Bxf5 Kxf5 49. Rd5+ Kg4 50. Rd4+ Kg5 51. Ra4 h4 52. Ra8 Rd3 53. a4 Kg6 54. a5 Kg7 55. a6 Rd6 56. Kh3 Rg6 57. a7 Ra6 58. Kxh4 Ra1 59. g4 Ra5 60. Kg3 Ra4 61. g5 Ra1 62. Kf4 Ra2 63. Kf5 Ra5+ 64. Kg4 Ra4+ 65. Kh5 Ra5 66. Rb8 Rxa7 67. Rb6 Rc7 68. Rg6+ Kh7 69. Rb6 Kg7 70. Kg4 Rc4+ 71. Kh5 Rc7 72. Rd6 Rb7 73. Rd5 Ra7 74. Rb5 Rc7 75. g6 Rc1 76. Rb7+ Kg8 77. Kg5 Rg1+ 78. Kf6 Rf1+ 1/2-1/2

[Event "46th GRE-chT Premier 2018"]
[Site "Rio Achaia"]
[Date "2018.07.11"]
[Round "2"]
[White "Sigalas, Frangiskos"]
[Black "Georgiadis, Ioannis"]
[Result "1/2-1/2"]
[WhiteElo "2213"]
[BlackElo "2465"]
[Annotator "TA"]
[PlyCount "130"]
[EventDate "2018.07.10"]
[EventType "team-tourn"]
[EventCountry "GRE"]
[SourceTitle "playchess.com"]
[Source "ChessBase"]
[SourceQuality "1"]

1. e4 e5 2. Nf3 Nc6 3. Bb5 a6 4. Bxc6 dxc6 5. O-O f6 6. d4 Bg4 7. dxe5 Qxd1 8. Rxd1 fxe5 9. Rd3 Bd6 10. Nbd2 b5 11. h3 Bh5 12. b3 Nf6 13. Bb2 Nd7 14. Nh4 Nc5 15. Rg3 O-O 16. Nf5 Bg6 17. Nxd6 cxd6 18. Re3 Ne6 19. f3 Rad8 20. Rd1 Rfe8 21. Nf1 b4 22. c4 Nc5 23. h4 Kf7 24. g3 a5 25. a4 Ke6 26. Nd2 Kd7 27. Rf1 Re7 28. Rf2 Rf8 29. Kg2 h6 30. Rf1 Bh7 31. Ba1 Ref7 32. Bb2 h5 33. Rh1 Rf6 34. Rf1 R6f7 35. Rh1 Ke7 36. Rf1 Ke6 37. Ba1 Kd7 38. Bb2 Ke7 39. Ba1 Ne6 40. Bb2 Rg8 41. Rh1 Rff8 42. Ba1 Bg6 43. Bb2 Bf7 44. Ba1 g5 45. hxg5 Rxg5 46. Kf2 Rfg8 47. Nf1 Nc5 48. Rh2 Nxb3 49. Rxb3 Bxc4 50. Rb1 Bxf1 51. Rxf1 Rxg3 52. Rxh5 Rg2+ 53. Ke3 Ra2 54. Bxe5 dxe5 55. Rxe5+ Kd6 56. Rxa5 b3 57. Rd1+ Kc7 58. Rb1 Rb8 59. Kd3 Ra3 60. Rb2 Ra1 61. Rc5 Rd1+ 62. Ke2 Rh1 63. Ke3 Re1+ 64. Kd2 Rh1 65. Ke3 Re1+ 1/2-1/2

[Event "46th GRE-chT Premier 2018"]
[Site "Rio Achaia"]
[Date "2018.07.11"]
[Round "2"]
[White "Sandalakis, Nikolaos"]
[Black "Kesidis, Odyseas"]
[Result "1/2-1/2"]
[WhiteElo "2209"]
[BlackElo "2248"]
[Annotator "NA"]
[PlyCount "172"]
[EventDate "2018.07.10"]
[EventType "team-tourn"]
[EventCountry "GRE"]
[SourceTitle "playchess.com"]
[Source "ChessBase"]
[SourceQuality "1"]

1. e4 e5 2. Nf3 Nc6 3. Nc3 Nf6 4. h3 Bb4 5. Bd3 d6 6. a3 Ba5 7. b4 Bb6 8. Na4 O-O 9. Bb2 Re8 10. O-O Ne7 11. Re1 Ng6 12. Nxb6 axb6 13. Bf1 h6 14. d4 Qe7 15. c4 c5 16. dxe5 dxe5 17. Qd2 Bd7 18. b5 Rad8 19. Qc3 Bc8 20. a4 Nh7 21. Red1 Ng5 22. Nxg5 Qxg5 23. Qe3 Nf4 24. Kh2 Qf6 25. a5 bxa5 26. Qxc5 b6 27. Rxd8 Qxd8 28. Qe3 Qc7 29. c5 bxc5 30. Bc3 Bb7 31. Bxa5 Qd6 32. Rc1 Ne6 33. f3 Ra8 34. Qd2 Nd4 35. Bc4 Bc8 36. Rb1 Be6 37. Bxe6 Qxe6 38. b6 Rb8 39. b7 Qa6 40. Bc7 Rxb7 41. Rxb7 Qxb7 42. Bxe5 Ne6 43. Qc2 Qb5 44. f4 c4 45. Qd2 Qc6 46. Qd5 Qxd5 47. exd5 Nc5 48. Kg1 f6 49. Bd4 Nd3 50. g3 Kf7 51. Kg2 Ke7 52. Kf3 Kd6 53. Ke4 Nb4 54. Bb2 Nxd5 55. Ba3+ Kc6 56. Bf8 g6 57. Bxh6 f5+ 58. Kd4 c3 59. Kd3 Kb5 60. Bf8 Ka4 61. Kc2 Kb5 62. Kb3 c2 63. Kxc2 Kc4 64. Kd2 Kd4 65. Ke2 Ke4 66. Bd6 Nc3+ 67. Kf2 Nd1+ 68. Ke1 Nc3 69. Be5 Nd5 70. Ke2 g5 71. Kf2 gxf4 72. gxf4 Nxf4 73. Bxf4 Kxf4 74. h4 Kg4 75. h5 Kxh5 76. Kf3 Kg5 77. Kg3 f4+ 78. Kf3 Kf5 79. Kf2 Ke4 80. Ke2 f3+ 81. Kf2 Kf4 82. Kf1 Ke4 83. Kf2 Kf4 84. Kf1 Ke3 85. Ke1 f2+ 86. Kf1 Kf3 1/2-1/2

[Event "46th GRE-chT Premier 2018"]
[Site "Rio Achaia"]
[Date "2018.07.11"]
[Round "2"]
[White "Tzouganakis, Panteleimon"]
[Black "Malikentzos, Sotirios"]
[Result "0-1"]
[WhiteElo "2206"]
[BlackElo "2420"]
[Annotator "TA"]
[PlyCount "72"]
[EventDate "2018.07.10"]
[EventType "team-tourn"]
[EventCountry "GRE"]
[SourceTitle "playchess.com"]
[Source "ChessBase"]
[SourceQuality "1"]

1. e4 c6 2. Nc3 d5 3. Qf3 g6 4. exd5 Nf6 5. Bc4 Bg7 6. Nge2 Bg4 7. Qg3 Bxe2 8. Bxe2 cxd5 9. d4 Nc6 10. Bb5 Qb6 11. Qd3 O-O 12. Bxc6 Qxc6 13. O-O Rac8 14. f3 Qc4 15. Rd1 Rc6 16. Bg5 Qxd3 17. Rxd3 e6 18. Rc1 Rfc8 19. Rd2 Ne8 20. Nd1 Rc4 21. Be3 Nd6 22. b3 R4c6 23. Kf2 h5 24. Ke2 Nb5 25. Kd3 Nc3 26. Nxc3 Rxc3+ 27. Ke2 Bf8 28. Rd3 Ba3 29. Rxc3 Rxc3 30. Bd2 Rc6 31. Rb1 Rxc2 32. Kd3 Rxa2 33. b4 Bb2 34. Be3 b5 35. Kc2 Bxd4+ 36. Kb3 Ra1 0-1

[Event "46th GRE-chT Premier 2018"]
[Site "Rio Achaia"]
[Date "2018.07.11"]
[Round "2"]
[White "Kokkalis, Vasilios"]
[Black "Erdos, Viktor"]
[Result "0-1"]
[WhiteElo "2149"]
[BlackElo "2619"]
[Annotator "TA"]
[PlyCount "84"]
[EventDate "2018.07.10"]
[EventType "team-tourn"]
[EventCountry "GRE"]
[SourceTitle "playchess.com"]
[Source "ChessBase"]
[SourceQuality "1"]

1. d4 Nf6 2. Nf3 d5 3. c4 e6 4. Bg5 h6 5. Bh4 dxc4 6. e3 b5 7. a4 c6 8. Be2 Bb7 9. O-O a6 10. b3 cxb3 11. Qxb3 Nbd7 12. Nc3 Be7 13. e4 O-O 14. Rad1 b4 15. e5 Nd5 16. Bxe7 Qxe7 17. Nxd5 cxd5 18. a5 Bc6 19. Ra1 Rfb8 20. Nd2 Bb5 21. Bxb5 Rxb5 22. Qh3 Rc8 23. f4 Rc3 24. Rf3 Rxf3 25. Qxf3 b3 26. Nxb3 Qb4 27. Rb1 Qc4 28. Qd1 Nf8 29. Kf2 Ng6 30. g3 Ne7 31. g4 Qc3 32. Kg2 Ng6 33. f5 Nf4+ 34. Kf2 Nd3+ 35. Kg1 Nb2 36. Qc1 Qxb3 37. f6 Qc4 38. Qe3 Rb3 39. Qd2 Nd3 40. Rxb3 Qxb3 41. g5 Qb1+ 42. Kg2 Qb2 0-1

[Event "46th GRE-chT Premier 2018"]
[Site "Rio Achaia"]
[Date "2018.07.11"]
[Round "2"]
[White "Sidiropoulos, Nikolaos"]
[Black "Souleidis, Georgios"]
[Result "0-1"]
[WhiteElo "2112"]
[BlackElo "2415"]
[Annotator "TA"]
[PlyCount "88"]
[EventDate "2018.07.10"]
[EventType "team-tourn"]
[EventCountry "GRE"]
[SourceTitle "playchess.com"]
[Source "ChessBase"]
[SourceQuality "1"]

1. e4 c5 2. Nf3 Nc6 3. d4 cxd4 4. Nxd4 Qb6 5. Nb3 Nf6 6. Bd3 d5 7. Nc3 dxe4 8. Be3 Qc7 9. Nxe4 Nxe4 10. Bxe4 g6 11. Bxc6+ Qxc6 12. Qd4 f6 13. O-O Bg7 14. c4 O-O 15. Rac1 Be6 16. Rfd1 Rfc8 17. Nc5 Bf7 18. Qd7 b6 19. Nb3 Rc7 20. Qxc6 Rxc6 21. c5 bxc5 22. Rxc5 Rxc5 23. Bxc5 f5 24. Rd7 a5 25. Nxa5 Bxb2 26. Nc6 e5 27. a3 Bxa3 28. Bxa3 Rxa3 29. h4 e4 30. Ne5 Ba2 31. Re7 Ra6 32. g4 Re6 33. Rxe6 Bxe6 34. gxf5 gxf5 35. Kg2 f4 36. f3 Bd5 37. fxe4 Bxe4+ 38. Kf2 Kg7 39. Nf3 Kg6 40. Nd2 Bd5 41. Nb1 Kh5 42. Nc3 Bc6 43. Ne2 Kg4 44. h5 h6 0-1

[Event "46th GRE-chT Premier 2018"]
[Site "Rio Achaia"]
[Date "2018.07.11"]
[Round "2"]
[White "Makris, Spyridon-Dionysios"]
[Black "Vlachos, Anatole"]
[Result "0-1"]
[WhiteElo "1799"]
[BlackElo "2428"]
[Annotator "TA"]
[PlyCount "52"]
[EventDate "2018.07.10"]
[EventType "team-tourn"]
[EventCountry "GRE"]
[SourceTitle "playchess.com"]
[Source "ChessBase"]
[SourceQuality "1"]

1. d4 g6 2. c4 Bg7 3. Nc3 d6 4. e4 Nd7 5. Nf3 e5 6. Be2 Ne7 7. d5 O-O 8. h4 h6 9. h5 g5 10. g4 Nc5 11. Nh2 a5 12. Be3 Bd7 13. f3 c6 14. O-O cxd5 15. cxd5 a4 16. Qd2 Qa5 17. Rfc1 b5 18. Nd1 Qb6 19. Nf1 Rfc8 20. b4 axb3 21. axb3 Qb7 22. Rxa8 Qxa8 23. Qb4 Qa2 24. Nd2 Bf8 25. Kf1 Na6 26. Qxd6 Nf5 0-1

[Event "46th GRE-chT Premier 2018"]
[Site "Rio Achaia"]
[Date "2018.07.11"]
[Round "3"]
[White "Almasi, Zoltan"]
[Black "Postny, Evgeny"]
[Result "1/2-1/2"]
[WhiteElo "2699"]
[BlackElo "2585"]
[Annotator "TA"]
[PlyCount "79"]
[EventDate "2018.07.10"]
[EventType "team-tourn"]
[EventCountry "GRE"]
[SourceTitle "playchess.com"]
[Source "ChessBase"]
[SourceQuality "1"]

1. e4 c6 2. d4 d5 3. e5 Bf5 4. Nd2 e6 5. Nb3 c5 6. dxc5 Bxc5 7. Bb5+ Nc6 8. a4 Qb6 9. Nxc5 Qxc5 10. c3 Qb6 11. Nf3 Qc7 12. Be3 Bg4 13. O-O Nge7 14. Bc5 Bxf3 15. Qxf3 Qxe5 16. c4 dxc4 17. Qa3 a6 18. Bxc4 Qf6 19. Rad1 O-O 20. Rd7 b5 21. Be2 Rfe8 22. Bf3 Rac8 23. Bxe7 Nxe7 24. Bb7 Rcd8 25. Rxd8 Rxd8 26. a5 e5 27. Bxa6 Qxa6 28. Qxe7 Qxa5 29. Qxe5 Qb4 30. h3 Qc4 31. Re1 h6 32. Re4 Qd5 33. Qxd5 Rxd5 34. Re8+ Kh7 35. Rb8 Rd1+ 36. Kh2 Rd2 37. Rxb5 Rxf2 38. Kg3 Rd2 39. Rb6 g5 40. Rf6 1/2-1/2

[Event "46th GRE-chT Premier 2018"]
[Site "Rio Achaia"]
[Date "2018.07.11"]
[Round "3"]
[White "Erdos, Viktor"]
[Black "Sadzikowski, Daniel"]
[Result "1/2-1/2"]
[WhiteElo "2619"]
[BlackElo "2567"]
[Annotator "TA"]
[PlyCount "60"]
[EventDate "2018.07.10"]
[EventType "team-tourn"]
[EventCountry "GRE"]
[SourceTitle "playchess.com"]
[Source "ChessBase"]
[SourceQuality "1"]

1. Nf3 c5 2. c4 Nc6 3. Nc3 e5 4. e3 Nf6 5. Be2 d5 6. d4 cxd4 7. exd4 e4 8. Ne5 dxc4 9. Bxc4 Nxe5 10. dxe5 Qxd1+ 11. Kxd1 Ng4 12. e6 Bxe6 13. Bxe6 fxe6 14. Nxe4 h6 15. Be3 Nxe3+ 16. fxe3 O-O-O+ 17. Ke2 Be7 18. Raf1 Rhf8 19. Rxf8 Rxf8 20. g4 Kd7 21. h3 Rc8 22. Kd3 Bf6 23. b3 Ke7 24. a4 Be5 25. Rf1 Rd8+ 26. Ke2 Rc8 27. Kd3 Rd8+ 28. Ke2 Rc8 29. Kd3 Rd8+ 30. Ke2 Rc8 1/2-1/2